[Event "GBR-ch 100th"]
[Site "Torquay"]
[Date "2013.08.05"]
[Round "7"]
[White "Lane, Gary William"]
[Black "Yeo, Michael J"]
[Result "0-1"]
[WhiteElo "2401"]
[BlackElo "2170"]
[PlyCount "132"]
[EventDate "2013.07.29"]
[EventType "swiss"]
[EventRounds "11"]
[EventCountry "GBR"]
[Source "John Saunders"]
[SourceDate "2015.07.24"]

1. e4 e5 2. Nf3 Nc6 3. Bb5 Nf6 4. d3 Bc5 5. c3 d6 6. O-O O-O 7. h3 h6 8. Re1
Bd7 9. Nbd2 a6 10. Ba4 Nh5 11. d4 exd4 12. cxd4 Ba7 13. Nf1 Nf6 14. Ng3 Re8 15.
a3 Ne7 16. Bc2 Ng6 17. b4 Nf8 18. Bb2 d5 19. e5 N6h7 20. Qd3 c6 21. Nf5 Bxf5
22. Qxf5 Ng5 23. Nh2 Nge6 24. Rad1 Qg5 25. Qf3 Ng6 26. Ng4 h5 27. Ne3 Nh4 28.
Qg3 Qxg3 29. fxg3 Ng6 30. Nf5 Ngf8 31. Rf1 Rad8 32. Kh2 Rd7 33. Bc3 g6 34. Ne3
Nc7 35. a4 Rxe5 36. dxe5 Bxe3 37. Bd4 Bxd4 38. Rxd4 Re7 39. Rdf4 Nd7 40. g4 Ne6
41. R4f2 hxg4 42. hxg4 Nxe5 43. Kg3 Nd4 44. Re1 Nxc2 45. Rxc2 g5 46. b5 axb5
47. axb5 f6 48. Ra1 Kf7 49. Re1 Rd7 50. Rh1 d4 51. Rh7+ Ke6 52. Rxd7 Kxd7 53.
bxc6+ bxc6 54. Kf2 c5 55. Ra2 Kd6 56. Ke2 Kd5 57. Kd2 Nxg4 58. Ra6 Nf2 59. Ke2
Ne4 60. g4 c4 61. Ra8 c3 62. Rd8+ Kc4 63. Rc8+ Nc5 64. Kd1 d3 65. Kc1 Kd4 66.
Rb8 Ke3 0-1

[Event "GBR-ch 100th"]
[Site "Torquay"]
[Date "2013.08.05"]
[Round "7"]
[White "Lenier, Jude"]
[Black "Burke, Mitchell R"]
[Result "1-0"]
[WhiteElo "2119"]
[BlackElo "1971"]
[PlyCount "61"]
[EventDate "2013.07.29"]
[EventType "swiss"]
[EventRounds "11"]
[EventCountry "GBR"]
[Source "John Saunders"]
[SourceDate "2015.07.24"]

1. e4 c5 2. Nf3 d6 3. d4 cxd4 4. Nxd4 Nf6 5. Nc3 g6 6. Be3 a6 7. f3 b5 8. Qd2
Bb7 9. g4 h6 10. O-O-O Nbd7 11. h4 b4 12. Nce2 e5 13. Nb3 d5 14. exd5 Nxd5 15.
Ng3 Nxe3 16. Qxe3 Qb6 17. Qd3 Bc6 18. h5 Bb5 19. Qd5 Bc6 20. Qd3 Bb5 21. Qe4
Bc6 22. Qe2 Bb5 23. Qe1 O-O-O 24. Bxb5 Qxb5 25. hxg6 fxg6 26. Qe4 Qb6 27. Qc4+
Kb8 28. Qf7 Kc8 29. Ne4 Bc5 30. Nbxc5 Nxc5 31. Qc4 1-0

[Event "GBR-ch 100th"]
[Site "Torquay"]
[Date "2013.08.05"]
[Round "7"]
[White "McCullough, Simon L"]
[Black "Purdon, Colin"]
[Result "0-1"]
[WhiteElo "2076"]
[BlackElo "2140"]
[PlyCount "70"]
[EventDate "2013.07.29"]
[EventType "swiss"]
[EventRounds "11"]
[EventCountry "GBR"]
[Source "John Saunders"]
[SourceDate "2015.07.24"]

1. Nf3 d5 2. d4 Nf6 3. e3 Bf5 4. Bd3 Bxd3 5. Qxd3 c6 6. Nbd2 Nbd7 7. b3 e6 8.
Bb2 Qa5 9. a3 Be7 10. O-O O-O 11. c4 dxc4 12. Nxc4 Qh5 13. e4 Rfd8 14. Rac1
Rac8 15. Qe3 b5 16. Nce5 Nxe5 17. dxe5 Nd7 18. Qxa7 Bc5 19. Qa5 Bb6 20. Qa6 Rc7
21. Rcd1 Rb8 22. Bd4 Ra7 23. Qxa7 Bxa7 24. Bxa7 Rb7 25. Be3 h6 26. a4 bxa4 27.
bxa4 Nxe5 28. Nxe5 Qxe5 29. Rd8+ Kh7 30. Ra8 Qxe4 31. a5 Rb1 32. g3 Rxf1+ 33.
Kxf1 c5 34. Rc8 Qb1+ 35. Ke2 Qb5+ 0-1

[Event "GBR-ch 100th"]
[Site "Torquay"]
[Date "2013.08.05"]
[Round "7"]
[White "Mercs, Peter J"]
[Black "Longson, Alexander"]
[Result "0-1"]
[WhiteElo "2109"]
[BlackElo "2279"]
[PlyCount "60"]
[EventDate "2013.07.29"]
[EventType "swiss"]
[EventRounds "11"]
[EventCountry "GBR"]
[Source "John Saunders"]
[SourceDate "2015.07.24"]

1. e4 c5 2. Nf3 d6 3. d4 cxd4 4. Nxd4 Nf6 5. Nc3 a6 6. Be2 e5 7. Nb3 Be7 8. O-O
O-O 9. a4 Be6 10. Kh1 Nc6 11. Be3 Nb4 12. a5 Rc8 13. Bb6 Qd7 14. f4 Qc6 15. Ra4
Nxc2 16. Nd2 Nd4 17. f5 Nxe2 18. Qxe2 Qe8 19. fxe6 Rxc3 20. exf7+ Rxf7 21. bxc3
Qxa4 22. c4 Qc2 23. Rb1 Bf8 24. Qe1 g6 25. Bd8 Bh6 26. Rd1 Bxd2 27. Rxd2 Qxe4
28. Qc1 Ng4 29. Bb6 Ne3 30. Re2 Qxc4 0-1

[Event "GBR-ch 100th"]
[Site "Torquay"]
[Date "2013.08.05"]
[Round "7"]
[White "Meszaros, Gyula"]
[Black "Flear, Glenn C"]
[Result "1/2-1/2"]
[WhiteElo "2255"]
[BlackElo "2456"]
[PlyCount "65"]
[EventDate "2013.07.29"]
[EventType "swiss"]
[EventRounds "11"]
[EventCountry "GBR"]
[Source "John Saunders"]
[SourceDate "2015.07.24"]

1. c4 e6 2. g3 d5 3. d4 dxc4 4. Nf3 c5 5. Bg2 Nc6 6. O-O cxd4 7. Qa4 Bd7 8.
Qxc4 Qb6 9. Nbd2 Rc8 10. Nb3 e5 11. Ng5 Nh6 12. Qd5 f6 13. Ne4 Nb4 14. Qa5 Nf7
15. Qxb6 axb6 16. Bd2 Be7 17. e3 f5 18. Bxb4 Bxb4 19. Ned2 Rc2 20. Rfd1 dxe3
21. fxe3 Ke7 22. Bxb7 Nd6 23. Bd5 Rxb2 24. Nf3 e4 25. Nfd4 Rc8 26. Rdb1 Rxb1+
27. Rxb1 Nc4 28. Bb7 Rc7 29. Nxf5+ Bxf5 30. Nd4 Nd6 31. Nxf5+ Nxf5 32. Bxe4 Bc5
33. Bxf5 1/2-1/2

[Event "GBR-ch 100th"]
[Site "Torquay"]
[Date "2013.08.05"]
[Round "7"]
[White "Murphy, Hugh"]
[Black "Horton, Andrew P"]
[Result "0-1"]
[WhiteElo "2170"]
[BlackElo "2032"]
[PlyCount "106"]
[EventDate "2013.07.29"]
[EventType "swiss"]
[EventRounds "11"]
[EventCountry "GBR"]
[Source "John Saunders"]
[SourceDate "2015.07.24"]

1. e4 c5 2. b3 Nc6 3. Bb2 e5 4. Bc4 d6 5. Nc3 Nf6 6. Nge2 g6 7. O-O Bg7 8. d3
O-O 9. h3 Be6 10. f4 d5 11. exd5 Nxd5 12. Nxd5 Bxd5 13. Bxd5 Qxd5 14. f5 gxf5
15. Ng3 f4 16. Nf5 Qe6 17. Nxg7 Kxg7 18. Rxf4 f6 19. Qe2 Rg8 20. Raf1 Raf8 21.
Qg4+ Qxg4 22. Rxg4+ Kf7 23. Rxg8 Rxg8 24. Ba3 b6 25. c3 Rd8 26. Rf3 Ke6 27. Bc1
e4 28. dxe4 Rd1+ 29. Rf1 Rxf1+ 30. Kxf1 Ke5 31. Ke2 Kxe4 32. Bh6 Ne7 33. Bd2 h5
34. g3 Ng6 35. Bh6 f5 36. a4 f4 37. gxf4 Nxf4+ 38. Kf2 Nxh3+ 39. Kg3 Ng1 40.
Kf2 Nf3 41. a5 bxa5 42. Be3 Ne5 43. Ke2 c4 44. bxc4 Nxc4 45. Bxa7 a4 46. Bc5 a3
47. Bxa3 Nxa3 48. Kf2 Kf4 49. Kg2 Kg4 50. Kh2 h4 51. Kg2 h3+ 52. Kh2 Nc4 53.
Kg1 Kg3 0-1

[Event "GBR-ch 100th"]
[Site "Torquay"]
[Date "2013.08.05"]
[Round "7"]
[White "Osborne, Marcus E"]
[Black "Anderson, John"]
[Result "0-1"]
[WhiteElo "2269"]
[BlackElo "2189"]
[PlyCount "78"]
[EventDate "2013.07.29"]
[EventType "swiss"]
[EventRounds "11"]
[EventCountry "GBR"]
[Source "John Saunders"]
[SourceDate "2015.07.24"]

1. d4 d5 2. Nf3 Nf6 3. c4 c6 4. Nc3 dxc4 5. a4 Bf5 6. e3 e6 7. Bxc4 Bb4 8. O-O
Nbd7 9. h3 O-O 10. Nh4 Bg6 11. Nxg6 hxg6 12. Qe2 Qe7 13. Rd1 Rfd8 14. a5 Rac8
15. a6 b6 16. e4 e5 17. d5 cxd5 18. Nxd5 Nxd5 19. Bxd5 Nf8 20. Qg4 Nh7 21. Qg3
Bc5 22. Rd3 Bd4 23. Rf3 Nf6 24. Bb3 Nxe4 25. Rxf7 Kh7 26. Qg4 Bxf2+ 27. Rxf2
Nxf2 28. Kxf2 Qc5+ 29. Kg3 Rd3+ 30. Kh2 Rxb3 31. Qe6 Qc4 32. Qxe5 Rc5 33. Qe7
Rh5 34. Bd2 Rxb2 35. Rc1 Qg4 36. Qd8 Rxh3+ 37. Kg1 Rg3 38. Qd5 Rxg2+ 39. Kf1
Qe2# 0-1

[Event "GBR-ch 100th"]
[Site "Torquay"]
[Date "2013.08.05"]
[Round "7"]
[White "Reid, John"]
[Black "Carr, Neil L"]
[Result "0-1"]
[WhiteElo "2151"]
[BlackElo "2290"]
[PlyCount "52"]
[EventDate "2013.07.29"]
[EventType "swiss"]
[EventRounds "11"]
[EventCountry "GBR"]
[Source "John Saunders"]
[SourceDate "2015.07.24"]

1. d4 Nf6 2. c4 g6 3. Nc3 Bg7 4. e4 d6 5. h3 O-O 6. Nf3 e5 7. d5 Nh5 8. Nh2 Qe8
9. Be2 Nf4 10. Bf3 f5 11. g3 Nxh3 12. Bg2 fxe4 13. Nxe4 Bf5 14. Ng4 h5 15. Nh6+
Bxh6 16. Bxh6 Bxe4 17. f3 Bxf3 18. Bxf3 e4 19. Bg2 Nf2 20. Qd4 Nd3+ 21. Kd2
Rf2+ 22. Ke3 Qf7 23. Raf1 Nd7 24. Bxe4 N7c5 25. b4 Re8 26. bxc5 Qf3# 0-1

[Event "GBR-ch 100th"]
[Site "Torquay"]
[Date "2013.08.05"]
[Round "7"]
[White "Rudd, Jack"]
[Black "Gormally, Daniel"]
[Result "0-1"]
[WhiteElo "2280"]
[BlackElo "2496"]
[PlyCount "182"]
[EventDate "2013.07.29"]
[EventType "swiss"]
[EventRounds "11"]
[EventCountry "GBR"]
[Source "John Saunders"]
[SourceDate "2015.07.24"]

1. e4 c5 2. Nf3 Nc6 3. d4 cxd4 4. Nxd4 Qb6 5. Nb3 Nf6 6. Nc3 e6 7. Be3 Qc7 8.
a3 a6 9. f4 d6 10. g4 h6 11. Qe2 Be7 12. O-O-O b5 13. Bg2 Rb8 14. h4 h5 15.
gxh5 Nxh5 16. Qd2 b4 17. axb4 Nxb4 18. Bf3 g6 19. Kb1 Bd7 20. Qd4 e5 21. fxe5
dxe5 22. Qd2 Be6 23. Nd5 Nxd5 24. exd5 Bf5 25. d6 Bxd6 26. Qxd6 Bxc2+ 27. Ka1
Qxd6 28. Rxd6 Rxb3 29. Bg5 O-O 30. Bxh5 gxh5 31. Re1 Rb5 32. Rxa6 f6 33. Bh6
Rf7 34. Rc1 Bf5 35. Bd2 Rb6 36. Ra8+ Kh7 37. b4 Rd7 38. Bc3 Rc6 39. Kb2 Rc4 40.
Ra6 Rf7 41. Rf1 Kg6 42. Rg1+ Bg4 43. Re1 Kf5 44. b5 Rb7 45. Rf1+ Ke4 46. Raxf6
Rxb5+ 47. Kc2 Be2 48. Rg1 Rd5 49. Rg3 Bd1+ 50. Kb2 Rb5+ 51. Kc1 Bg4 52. Kd2
Rd5+ 53. Kc2 Ra4 54. Rg1 Ke3 55. Rg3+ Ke4 56. Rg1 Be2 57. Re1 Ke3 58. Rf5 Rc4
59. Rxh5 Rdc5 60. Kb2 Rxc3 61. Rxe5+ Rxe5 62. Kxc3 Rc5+ 63. Kb4 Rb5+ 64. Kc3
Rc5+ 65. Kb4 Rc4+ 66. Kb3 Rxh4 67. Rc1 Bd3 68. Kc3 Rh8 69. Re1+ Be2 70. Rc1
Rc8+ 71. Kb2 Rb8+ 72. Kc3 Rb7 73. Rc2 Bd1 74. Rc1 Rd7 75. Kb2 Kd2 76. Rc4 Kd3
77. Rb4 Rc7 78. Rb8 Rc2+ 79. Kb1 Rc6 80. Kb2 Bg4 81. Rb3+ Kd2 82. Rb4 Bf5 83.
Rd4+ Bd3 84. Rb4 Bc4 85. Rb8 Bd5 86. Rb4 Rc2+ 87. Kb1 Kc3 88. Rg4 Ba2+ 89. Ka1
Bc4 90. Rg3+ Bd3 91. Rg1 Kb3 0-1

[Event "GBR-ch 100th"]
[Site "Torquay"]
[Date "2013.08.05"]
[Round "7"]
[White "Smith, Andrew Philip"]
[Black "Bonafont, Philip"]
[Result "1-0"]
[WhiteElo "2110"]
[BlackElo "2084"]
[PlyCount "39"]
[EventDate "2013.07.29"]
[EventType "swiss"]
[EventRounds "11"]
[EventCountry "GBR"]
[Source "John Saunders"]
[SourceDate "2015.07.24"]

1. e4 c5 2. Nf3 d6 3. d4 cxd4 4. Nxd4 Nf6 5. Nc3 a6 6. Bg5 e6 7. Qf3 Be7 8.
O-O-O Qc7 9. Be2 Nbd7 10. Qg3 O-O 11. f4 b5 12. e5 dxe5 13. fxe5 Nd5 14. Bh6
Bf6 15. Nxd5 exd5 16. exf6 Qxg3 17. hxg3 gxh6 18. Rxh6 Re8 19. Bd3 Nf8 20. Rdh1
1-0

[Event "GBR-ch 100th"]
[Site "Torquay"]
[Date "2013.08.05"]
[Round "7"]
[White "Stewart, Ashley"]
[Black "Mason, Donald"]
[Result "0-1"]
[WhiteElo "2053"]
[BlackElo "2204"]
[PlyCount "94"]
[EventDate "2013.07.29"]
[EventType "swiss"]
[EventRounds "11"]
[EventCountry "GBR"]
[Source "John Saunders"]
[SourceDate "2015.07.24"]

1. c4 e6 2. Nf3 f5 3. g3 Nf6 4. Bg2 Be7 5. O-O O-O 6. Nc3 d6 7. d4 Ne4 8. Nxe4
fxe4 9. Ne1 d5 10. Be3 Nc6 11. f3 dxc4 12. fxe4 Rxf1+ 13. Bxf1 e5 14. d5 Na5
15. Nf3 Bd6 16. Bd2 b6 17. Bc3 Qe7 18. Qd2 Nb7 19. Qg5 Qxg5 20. Nxg5 Bg4 21.
Nf3 Re8 22. a4 a6 23. Bg2 b5 24. axb5 axb5 25. h3 Bd7 26. Kh2 b4 27. Bd2 Bc5
28. h4 Nd6 29. Ng5 h6 30. Nh3 Rb8 31. Bf3 Bd4 32. Rb1 Rb6 33. Bc1 Ra6 34. e3 c3
35. bxc3 Ra2+ 36. Kg1 Bxc3 37. Nf2 Ba4 38. Nd1 Bc2 39. Nxc3 bxc3 40. Rb8+ Kf7
41. Rd8 Ra1 42. Rd7+ Ke8 43. Rxc7 Rxc1+ 44. Kf2 Bxe4 45. Bxe4 Nxe4+ 46. Kf3 Nf6
47. d6 c2 0-1

[Event "GBR-ch 100th"]
[Site "Torquay"]
[Date "2013.08.05"]
[Round "7"]
[White "Surtees, Michael"]
[Black "Oyama, Akito"]
[Result "1-0"]
[WhiteElo "2106"]
[BlackElo "1966"]
[PlyCount "109"]
[EventDate "2013.07.29"]
[EventType "swiss"]
[EventRounds "11"]
[EventCountry "GBR"]
[Source "John Saunders"]
[SourceDate "2015.07.24"]

1. e4 c5 2. c3 d5 3. f3 e6 4. d3 Nc6 5. g3 Nf6 6. Bg2 Be7 7. Nh3 e5 8. Nf2 O-O
9. O-O Be6 10. Na3 Ne8 11. Nc2 f5 12. exf5 Bxf5 13. f4 Nf6 14. g4 Be6 15. fxe5
Nxe5 16. Qe1 Qd6 17. Bf4 Nfd7 18. Bg3 Rf3 19. d4 Rxg3 20. hxg3 cxd4 21. cxd4
Nxg4 22. Nxg4 Bxg4 23. Ne3 Nf6 24. Qf2 Rf8 25. Qf4 Qd7 26. Bxd5+ Nxd5 27. Qxg4
Qc6 28. Rxf8+ Bxf8 29. Nxd5 Qxd5 30. Rf1 h5 31. Qf4 Bd6 32. Qe3 Kh7 33. Qd3+
Kg8 34. Qe3 Kh7 35. b3 g6 36. Rf6 Kg7 37. Rf2 Kh7 38. Re2 Kg7 39. Rf2 Kh7 40.
Re2 Kg7 41. Qe4 Qxe4 42. Rxe4 Bxg3 43. Re7+ Kf6 44. Rxb7 a5 45. Kg2 Be1 46. Rb5
g5 47. a3 Bd2 48. b4 axb4 49. a4 Bc3 50. a5 Bxd4 51. a6 g4 52. Rxb4 Be3 53. Rb3
Bd4 54. Rd3 Bc5 55. Rd5 1-0

[Event "GBR-ch 100th"]
[Site "Torquay"]
[Date "2013.08.05"]
[Round "7"]
[White "Taylor, Adam C"]
[Black "Hoare, Amy B"]
[Result "1-0"]
[WhiteElo "2001"]
[BlackElo "1873"]
[PlyCount "121"]
[EventDate "2013.07.29"]
[EventType "swiss"]
[EventRounds "11"]
[EventCountry "GBR"]
[Source "John Saunders"]
[SourceDate "2015.07.24"]

1. c4 Nf6 2. Nc3 d5 3. cxd5 Nxd5 4. g3 g6 5. Bg2 Nxc3 6. bxc3 Bg7 7. Nf3 O-O 8.
O-O Nc6 9. d4 Na5 10. Qc2 Nc4 11. Nd2 Nxd2 12. Bxd2 c5 13. d5 Qd6 14. e4 b6 15.
f4 c4 16. Be3 Qa3 17. Rfc1 Bd7 18. e5 Rac8 19. Be4 Ba4 20. Qd2 Rfd8 21. Bd4 f6
22. exf6 Bxf6 23. Bxf6 exf6 24. Qd4 Qc5 25. Qxc5 Rxc5 26. Re1 Kf7 27. Re2 Rd6
28. Rae1 Bd7 29. Bf3 Ra5 30. g4 Ra3 31. Rc1 b5 32. Kf2 Rda6 33. Rcc2 Rb6 34.
Red2 Ke7 35. Ke3 Kd6 36. Kd4 Rba6 37. Rb2 R6a4 38. Bd1 Ra5 39. Bf3 R5a4 40. Rf2
Ra5 41. h3 Ra6 42. Be4 Rb6 43. f5 g5 44. h4 h6 45. hxg5 hxg5 46. Rh2 Kc7 47.
Rh7 Ra5 48. Rg7 Ra3 49. Rh2 Rd6 50. Rh6 Raa6 51. Kc5 Kc8 52. Re7 Kc7 53. Re6
Bxe6 54. dxe6 Rxe6 55. fxe6 Rxe6 56. Rh7+ Kd8 57. Bd5 Ra6 58. Bc6 Rxa2 59. Kd6
Rd2+ 60. Bd5 Re2 61. Rxa7 1-0

[Event "GBR-ch 100th"]
[Site "Torquay"]
[Date "2013.08.05"]
[Round "7"]
[White "Wadsworth, Matthew J"]
[Black "Emms, John M"]
[Result "1/2-1/2"]
[WhiteElo "2136"]
[BlackElo "2469"]
[PlyCount "90"]
[EventDate "2013.07.29"]
[EventType "swiss"]
[EventRounds "11"]
[EventCountry "GBR"]
[Source "John Saunders"]
[SourceDate "2015.07.24"]

1. e4 e5 2. Nf3 Nc6 3. Bb5 a6 4. Ba4 Nf6 5. O-O b5 6. Bb3 Bc5 7. c3 d6 8. d3 h6
9. h3 O-O 10. Re1 Bb6 11. Nbd2 Ne7 12. Nf1 Ng6 13. Ng3 Re8 14. a4 Rb8 15. d4
Bd7 16. c4 bxc4 17. Bxc4 exd4 18. Nxd4 a5 19. Be3 Ne5 20. Ba2 Nc6 21. Nxc6 Bxc6
22. Bxb6 Rxb6 23. Qc2 Bd7 24. Rac1 c5 25. Bc4 Rb4 26. b3 Be6 27. Qd3 Qb8 28.
Bxe6 Rxe6 29. Re3 g6 30. Rc4 h5 31. Ne2 Rxc4 32. Qxc4 Re8 33. Nf4 Qb4 34. Nd5
Nxd5 35. Qxd5 Re6 36. f3 Qb6 37. Kh2 Re5 38. Qd2 d5 39. exd5 Rxe3 40. Qxe3 Qd6+
41. Kh1 Qxd5 42. Qe8+ Kg7 43. Qb5 Qd1+ 44. Kh2 Qd6+ 45. Kh1 Qd1+ 1/2-1/2

[Event "GBR-ch 100th"]
[Site "Torquay"]
[Date "2013.08.05"]
[Round "7"]
[White "Walker, Samuel"]
[Black "Jaunooby, Ali Reza"]
[Result "1-0"]
[WhiteElo "1978"]
[BlackElo "2170"]
[PlyCount "135"]
[EventDate "2013.07.29"]
[EventType "swiss"]
[EventRounds "11"]
[EventCountry "GBR"]
[Source "John Saunders"]
[SourceDate "2015.07.24"]

1. c4 e5 2. g3 Nc6 3. Bg2 g6 4. Nc3 Bg7 5. d3 d6 6. Rb1 f5 7. b4 h6 8. Bd2 Nf6
9. e3 O-O 10. b5 Ne7 11. Nge2 a6 12. O-O axb5 13. cxb5 g5 14. Qb3+ Kh8 15. f4
gxf4 16. exf4 Nd7 17. Na4 Rf6 18. Rfc1 Ra7 19. b6 cxb6 20. Nxb6 Nxb6 21. Be3
Be6 22. Bxb6 Qa8 23. Qb4 Rxa2 24. Nc3 Rd2 25. Ra1 Qe8 26. Nb5 Rxg2+ 27. Kxg2
Bd5+ 28. Kg1 Qh5 29. Ra8+ Kh7 30. Nc7 Qf3 31. Nxd5 Nxd5 32. Qb3 Nxb6 33. Qxb6
exf4 34. Qf2 Qxd3 35. Qxf4 Re6 36. Rf1 Bd4+ 37. Kg2 Qe2+ 38. Kh3 Qh5+ 39. Qh4
Qxh4+ 40. Kxh4 Rf6 41. Kh5 Rf7 42. Re8 Bg7 43. Re6 Bf8 44. g4 f4 45. Re4 f3 46.
Re3 f2 47. Re2 Rf3 48. h4 Kg7 49. Rfxf2 Rxf2 50. Rxf2 b5 51. Rb2 Kf6 52. Rxb5
Ke6 53. Kg6 d5 54. h5 d4 55. Rb8 Bd6 56. Re8+ Be7 57. Kxh6 d3 58. Rb8 d2 59.
Rb1 Ba3 60. Rd1 Kf7 61. Rf1+ Ke6 62. Kg6 Ke5 63. h6 Ke4 64. h7 Bb2 65. Rd1 Ke3
66. Kf7 Ke2 67. Rxd2+ Kxd2 68. g5 1-0

[Event "GBR-ch 100th"]
[Site "Torquay"]
[Date "2013.08.05"]
[Round "7"]
[White "Wang, Maria"]
[Black "Thorpe, Thomas"]
[Result "1-0"]
[WhiteElo "1817"]
[BlackElo "1875"]
[PlyCount "55"]
[EventDate "2013.07.29"]
[EventType "swiss"]
[EventRounds "11"]
[EventCountry "GBR"]
[Source "John Saunders"]
[SourceDate "2015.07.24"]

1. e4 c5 2. Nf3 Nc6 3. d4 cxd4 4. Nxd4 g6 5. c4 Bg7 6. Be3 Nf6 7. Nc3 d6 8. Be2
O-O 9. O-O Nxd4 10. Bxd4 Bd7 11. Qd2 Bc6 12. f3 a5 13. b3 Nd7 14. Bf2 Nc5 15.
Rab1 h5 16. Rfc1 Kh7 17. Be3 Rh8 18. a3 Qf8 19. b4 axb4 20. axb4 Na4 21. Nxa4
Rxa4 22. b5 Bd7 23. c5 Qa8 24. cxd6 Ra2 25. Qd1 exd6 26. Bc4 Ra3 27. Qxd6 Rxe3
28. Bxf7 1-0

[Event "GBR-ch 100th"]
[Site "Torquay"]
[Date "2013.08.05"]
[Round "7"]
[White "Ward, Christopher"]
[Black "Kolbus, Dietmar"]
[Result "1-0"]
[WhiteElo "2432"]
[BlackElo "2288"]
[PlyCount "105"]
[EventDate "2013.07.29"]
[EventType "swiss"]
[EventRounds "11"]
[EventCountry "GBR"]
[Source "John Saunders"]
[SourceDate "2015.07.24"]

1. d4 d5 2. c4 c6 3. Nc3 Nf6 4. Nf3 a6 5. g3 Bf5 6. Bg2 e6 7. O-O h6 8. Nd2 Be7
9. Qb3 b5 10. cxd5 exd5 11. e4 dxe4 12. Ndxe4 Nxe4 13. Nxe4 Be6 14. Qc3 Bd5 15.
Nc5 Bxg2 16. Kxg2 Qd5+ 17. Qf3 O-O 18. Be3 Rd8 19. a4 Bf6 20. Rfc1 Qxf3+ 21.
Kxf3 Bxd4 22. Bxd4 Rxd4 23. Rd1 Rc4 24. Rd8+ Kh7 25. Nd3 bxa4 26. Rc1 Rxc1 27.
Nxc1 Kg6 28. Nd3 Kf6 29. Nb4 a5 30. Nxc6 Nxc6 31. Rxa8 Ke5 32. Ke3 h5 33. Rc8
Kd6 34. Kd3 Kd5 35. Kc3 g6 36. Rc7 f6 37. f4 g5 38. fxg5 fxg5 39. Rh7 g4 40.
Rxh5+ Ne5 41. h3 gxh3 42. Rxh3 a3 43. bxa3 Ke4 44. Rh8 Kf3 45. Ra8 Kxg3 46.
Rxa5 Kf4 47. Rd5 Ke4 48. Rd1 Nc6 49. a4 Ke5 50. Kc4 Ke6 51. Kb5 Na7+ 52. Kb6
Nc8+ 53. Kb7 1-0

[Event "GBR-ch 100th"]
[Site "Torquay"]
[Date "2013.08.05"]
[Round "7"]
[White "Warman, Simon M"]
[Black "Storey, Charles"]
[Result "0-1"]
[WhiteElo "2093"]
[BlackElo "2214"]
[PlyCount "106"]
[EventDate "2013.07.29"]
[EventType "swiss"]
[EventRounds "11"]
[EventCountry "GBR"]
[Source "John Saunders"]
[SourceDate "2015.07.24"]

1. e4 c5 2. f4 g6 3. Nf3 Bg7 4. Bc4 Nc6 5. d3 e6 6. O-O Nge7 7. Nc3 d5 8. Bb3
O-O 9. Qe1 Na5 10. Qh4 c4 11. Ba4 a6 12. dxc4 dxc4 13. f5 exf5 14. Rd1 Qb6+ 15.
Kh1 fxe4 16. Nxe4 Nf5 17. Qe1 Nc6 18. c3 Be6 19. g4 Nfe7 20. Be3 Qc7 21. Qh4
Bd5 22. Bc2 Ne5 23. Qg3 Qc6 24. Nxe5 Bxe4+ 25. Kg1 Qe6 26. Bxe4 Bxe5 27. Qg2
Nc6 28. Bc5 Bxh2+ 29. Kh1 Bf4 30. Bxf8 Rxf8 31. Rf1 Bb8 32. Bd5 Qe7 33. g5 h6
34. Rf6 Ne5 35. Raf1 h5 36. Qe4 Kh8 37. Bxf7 Qc7 38. Bxg6 Rxf6 39. Rxf6 Qd7 40.
Rf8+ Kg7 41. Rxb8 Qh3+ 42. Kg1 Qg3+ 43. Kf1 Qh3+ 44. Ke2 Qh2+ 45. Kd1 Qg1+ 46.
Qe1 Qg4+ 47. Kc2 Qg2+ 48. Kb1 Nxg6 49. a3 Qxg5 50. Qe6 Qg4 51. Rxb7+ Kh6 52.
Qxa6 h4 53. Qf6 Qe4+ 0-1

[Event "GBR-ch 100th"]
[Site "Torquay"]
[Date "2013.08.05"]
[Round "7"]
[White "Waters, Clive L"]
[Black "Balaji, Ananthanarayanan"]
[Result "1/2-1/2"]
[WhiteElo "2129"]
[BlackElo "1946"]
[PlyCount "42"]
[EventDate "2013.07.29"]
[EventType "swiss"]
[EventRounds "11"]
[EventCountry "GBR"]
[Source "John Saunders"]
[SourceDate "2015.07.24"]

1. Nf3 d5 2. d4 Nf6 3. c4 e6 4. Nc3 Be7 5. Bg5 O-O 6. e3 b6 7. Bd3 Bb7 8. Bxf6
Bxf6 9. cxd5 exd5 10. Qc2 h6 11. O-O-O c5 12. dxc5 Nd7 13. Nxd5 Nxc5 14. Nxf6+
Qxf6 15. Kb1 Nxd3 16. Qxd3 Bxf3 17. gxf3 Qxf3 18. Rhg1 Rfd8 19. Qc2 Rac8 20.
Rxd8+ Rxd8 21. a3 Qd5 1/2-1/2

[Event "GBR-ch 100th"]
[Site "Torquay"]
[Date "2013.08.05"]
[Round "7"]
[White "Weller, Jean Luc"]
[Black "Freeman, Richard"]
[Result "1-0"]
[WhiteElo "2172"]
[BlackElo "2030"]
[PlyCount "145"]
[EventDate "2013.07.29"]
[EventType "swiss"]
[EventRounds "11"]
[EventCountry "GBR"]
[Source "John Saunders"]
[SourceDate "2015.07.24"]

1. d4 g6 2. e4 d6 3. Nc3 c6 4. Be3 Bg7 5. Qd2 b5 6. a4 b4 7. Nce2 a5 8. h4 h5
9. Nf3 Ba6 10. Ng5 Nd7 11. g3 e5 12. Rd1 Qe7 13. Bh3 Ngf6 14. O-O O-O 15. b3
exd4 16. Nxd4 Ne5 17. Rfe1 c5 18. Ne2 Nxe4 19. Qc1 Nxg5 20. Bxg5 f6 21. Be3
Nf3+ 22. Kh1 Nxe1 23. Rxe1 Bxe2 24. Rxe2 f5 25. Qd1 Qe5 26. Bg2 Rae8 27. Rd2
Qa1 28. Qxa1 Bxa1 29. Rxd6 Rf6 30. Rd7 Bd4 31. Bd5+ Kh8 32. Bh6 Rb6 33. Bc4
Rbb8 34. Bg5 Rf8 35. Be7 Bxf2 36. Kg2 Bd4 37. Bxf8 Rxf8 38. Ra7 f4 39. gxf4
Rxf4 40. Rxa5 Rxh4 41. Ra8+ Kg7 42. Rg8+ Kf6 43. a5 Re4 44. a6 Re7 45. Bd3 g5
46. Rg6+ Ke5 47. Rxg5+ Kd6 48. Rxh5 Kc7 49. Kf3 Kb6 50. Rh6+ Ka7 51. Rc6 Re3+
52. Kf4 Re7 53. Bf5 Kb8 54. Be6 Rc7 55. Rb6+ Ka7 56. Rd6 Bg1 57. Ke4 Bh2 58.
Rd2 Bg1 59. Rg2 Bd4 60. Bc4 Rg7 61. Rh2 Rd7 62. Rh6 Rg7 63. Kd5 Rf7 64. Rh5 Rg7
65. Kc6 Rg6+ 66. Kb5 Rb6+ 67. Ka5 Rg6 68. Rd5 Rg7 69. Rf5 Rd7 70. Kb5 Rh7 71.
Bd5 Rd7 72. Bc6 Rc7 73. Rf8 1-0

[Event "GBR-ch 100th"]
[Site "Torquay"]
[Date "2013.08.05"]
[Round "7"]
[White "Wells, Peter K"]
[Black "Arkell, Keith C"]
[Result "0-1"]
[WhiteElo "2479"]
[BlackElo "2444"]
[PlyCount "50"]
[EventDate "2013.07.29"]
[EventType "swiss"]
[EventRounds "11"]
[EventCountry "GBR"]
[Source "John Saunders"]
[SourceDate "2015.07.24"]

1. d4 Nf6 2. c4 e6 3. Nc3 Bb4 4. e3 c5 5. Nge2 cxd4 6. exd4 d5 7. c5 Ne4 8. Bd2
Nxd2 9. Qxd2 b6 10. a3 Bxc3 11. Qxc3 bxc5 12. dxc5 O-O 13. f4 Nc6 14. b4 Ba6
15. Rd1 e5 16. fxe5 Re8 17. Kf2 Nxe5 18. Rd4 Qf6+ 19. Rf4 Qe7 20. Kg1 Nd3 21.
Rf3 Nxc5 22. bxc5 Bxe2 23. Rg3 g6 24. Kf2 Bc4 25. Bxc4 Qxc5+ 0-1

[Event "GBR-ch 100th"]
[Site "Torquay"]
[Date "2013.08.06"]
[Round "8"]
[White "Balaji, Ananthanarayanan"]
[Black "Reid, John"]
[Result "1/2-1/2"]
[WhiteElo "1946"]
[BlackElo "2151"]
[PlyCount "25"]
[EventDate "2013.07.29"]
[EventType "swiss"]
[EventRounds "11"]
[EventCountry "GBR"]
[Source "John Saunders"]
[SourceDate "2015.07.24"]

1. e4 c5 2. Nc3 a6 3. g3 b5 4. Bg2 Bb7 5. Nge2 e6 6. O-O Nf6 7. d3 d5 8. exd5
Nxd5 9. Nxd5 Bxd5 10. Bxd5 Qxd5 11. a4 b4 12. Nf4 Qd8 13. Qh5 1/2-1/2